000 00258nam a22001217a 4500
040 _cSK
082 _a630
100 _aNA
245 _aAnnual report on food agriculture and rural areas in japan
260 _aJAPAN
_bNA
_c2002
300 _a57p.
942 _cEK
999 _c9977
_d9977